VALORANT Maps - Statistics

General Stats
  • This quiz has been taken 4,953 times
  • The average score is 6 of 7
Answer Stats
Answer % Correct
Ascent
91%
Bind
91%
Haven
90%
Icebox
90%
Split
90%
Breeze
86%
Fracture
86%
No matching quizzes found
Score Distribution
Percent of People with Each Score
Percentile by Number Answered
Your Score History
You have not taken this quiz